| 000 | 00400nam a2200145Ia 4500 | ||
|---|---|---|---|
| 008 | 231129s1981||||xx |||||||||||||| ||spa|| | ||
| 020 | _a84-279-3867-5 | ||
| 040 | _bspa | ||
| 082 | _a985.019 S163m | ||
| 100 | _aSalentiny Fernand | ||
| 245 | 0 | _aMachu Picchu: Enigma de piedra en la tierra del condor | |
| 260 | _c1981 | ||
| 264 | _aNoguer | ||
| 942 |
_2ddc _cBKS |
||
| 999 |
_c20197 _d20197 |
||